000
00212nam a2200109Ia 4500
999
_c
7016
_d
7016
020
_a
978-8174360298
100
_a
Jyoti Jafa
245
0
_a
Nurjahan
260
_a
New Delhi
_b
CRC
_c
1994
300
_a
260
942
_c
BK